World's Saddest Countries - Statistics

General Stats
  • This quiz has been taken 161 times
    140 since last reset
  • The average score is 8 of 20
Answer Stats
Rank Answer % Correct
#3 Syria
63%
#15 Niger
62%
#6 Afghanistan
61%
#20 Congo (Brazzaville)
56%
#10 Chad
54%
#2 Burundi
44%
#5 Rwanda
43%
#17 Senegal
43%
#18 Uganda
43%
#9 Guinea
41%
#1 Togo
40%
#4 Benin
39%
#13 Tanzania
37%
#12 Madagascar
35%
#7 Burkina Faso
33%
#16 Gabon
30%
#8 Ivory Coast
29%
#19 Comoros
25%
#14 Cambodia
20%
#11 Central African Republic
18%
No matching quizzes found
Score Distribution
Percent of People with Each Score
Percentile by Number Answered
Your Score History
You have not taken this quiz since the last reset